ਪਰਵਾਸੀ ਪੰਜਾਬੀ ਸਾਹਿਤ (Record no. 295012)

MARC details
000 -LEADER
fixed length control field 00871nam a2200229Ia 4500
003 - CONTROL NUMBER IDENTIFIER
control field OSt
005 - DATE AND TIME OF LATEST TRANSACTION
control field 20250825163525.0
008 - FIXED-LENGTH DATA ELEMENTS--GENERAL INFORMATION
fixed length control field Pun
020 ## - INTERNATIONAL STANDARD BOOK NUMBER
International Standard Book Number 8178833743 (hbk)
037 ## - SOURCE OF ACQUISITION
Terms of availability Textual
040 ## - CATALOGING SOURCE
Original cataloging agency ARTS
Transcribing agency ARTS
Language of cataloging Pun
041 ## - LANGUAGE CODE
Source of code Pun
Language code of text/sound track or separate title Pun
100 ## - MAIN ENTRY--PERSONAL NAME
Personal name ਬੇਦੀ, ਹਰਚੰਦ ਸਿੰਘ
9 (RLIN) 156315
245 #0 - TITLE STATEMENT
Title ਪਰਵਾਸੀ ਪੰਜਾਬੀ ਸਾਹਿਤ
Remainder of title ਸੰਦਰਭ ਕੋਸ਼
260 ## - PUBLICATION, DISTRIBUTION, ETC.
Place of publication, distribution, etc. ਲਧਿਆਣਾ, ਭਾਰਤ:
Name of publisher, distributor, etc. ਚੇਤਨਾ
Date of publication, distribution, etc. 2004
300 ## - PHYSICAL DESCRIPTION
Extent 256ਪੰ
Dimensions cm.
440 ## - SERIES STATEMENT/ADDED ENTRY--TITLE
Volume/sequential designation Vol.1-5
650 ## - SUBJECT ADDED ENTRY--TOPICAL TERM
Source of heading or term ਪੁਜਾਬੀ ਸਾਹਿਤ
650 ## - SUBJECT ADDED ENTRY--TOPICAL TERM
Topical term or geographic name entry element ਪੰਜਾਬੀ ਕੋਸ਼
9 (RLIN) 818817
942 ## - ADDED ENTRY ELEMENTS (KOHA)
Classification part O153k, P4.4
Koha item type Reference
Source of classification or shelving scheme Colon Classification (CC)
Suppress in OPAC No
Holdings
Withdrawn status Lost status Source of classification or shelving scheme Damaged status Not for loan Home library Current library Date acquired Source of acquisition Cost, normal purchase price Total Checkouts Full call number Barcode Date last seen Cost, replacement price Price effective from Koha item type Inventory number
    Colon Classification (CC)     Arts Library Arts Library 2022-09-23 196, 08/10/2010, H.K. Prakashan 325.00   O153k P4.4 AL1485080 2022-09-23 325.00 2022-09-23 Reference  
    Colon Classification (CC)     Central Library Central Library 2025-08-25 H.K. Prakashan 500.00   O153k P4.1 AL1485077 2025-08-25   2025-08-25 Reference 196 & 08/10/2010
    Colon Classification (CC)     Central Library Central Library 2025-08-25 H.K. Prakashan 500.00   O153k P4.2 AL1485078 2025-08-25   2025-08-25 Reference 196 & 08/10/2010
    Colon Classification (CC)     Central Library Central Library 2025-08-25 H.K. Prakashan 500.00   O153k P4.3 AL1485079 2025-08-25   2025-08-25 Reference 196 & 08/10/2010
    Colon Classification (CC)     Central Library Central Library 2025-08-25 H.K. Prakashan 500.00   O153k P4.5 AL1485081 2025-08-25   2025-08-25 Reference 196 & 08/10/2010
Copyright @ Delhi University Library System